Statistics for Every Animated Marvel TV Show

Click here to take the quiz!

General Stats

  • This quiz has been taken 24 times
  • The average score is 32 of 42

Answer Stats

Original BroadcastAnswer% Correct
1994-1996Iron Man
100%
2009-2012Iron Man: Armored Adventures
100%
2010-2012 (Japanese/U.S. releases combined)Marvel Anime: Iron Man
100%
1967-1970Spider-Man
100%
1981-1982Spider-Man (1981)
100%
2017-2020Spider-Man (2017)
100%
1981-1983Spider-Man and His Amazing Friends
100%
1994-1998Spider-Man (The Animated Series)
100%
2003Spider-Man: The New Animated Series
100%
1999-2001Spider-Man Unlimited
100%
2021- ongoingSpidey and His Amazing Friends
100%
2008-2009The Spectacular Spider-Man
100%
2012-2017Ultimate Spider-Man
100%
2013-2019Avengers Assemble
95%
2010-2012Avengers: Earth's Mightiest Heroes
95%
2010-2012 (Japanese/U.S. releases combined)Marvel Anime: X-Men
95%
1999-2000The Avengers: United They Stand
95%
1982-1983The Incredible Hulk
95%
1996-1997The Incredible Hulk (1996)
95%
2009Wolverine and the X-Men
95%
2000-2003X-Men: Evolution
95%
1992-1997X-Men (The Animated Series)
95%
1967-1968Fantastic Four
75%
1994-1996Fantastic Four (1994)
75%
2006-2007Fantastic Four: World's Greatest Heroes
75%
2015-2019Guardians of the Galaxy
75%
2010-2012 (Japanese/U.S. releases combined)Marvel Anime: Wolverine
75%
1978The New Fantastic Four
75%
2021- ongoingWhat If...?
65%
1998Silver Surfer
60%
2013-2015Hulk and the Agents of S.M.A.S.H.
55%
2010-2012 (Japanese/U.S. releases combined)Marvel Anime: Blade
55%
2021- ongoingHit-Monkey
45%
2014-2016 (Japanese/U.S. releases combined)Marvel Disk Wars: the Avengers
40%
2021M.O.D.O.K.
40%
2023- ongoigMoon Girl and Devil Dinosaur
35%
1979-1980Spider-Woman
35%
2009-2011The Super Hero Squad Show
35%
2017-2018Marvel Future Avengers
30%
1966The Marvel Super Heroes
30%
2017-2021Big Hero 6: The Series
25%
1979Fred and Barney Meet the Thing
20%

Score Distribution

Percentile by Number Answered

Percent of People with Each Score

Your Score History

You have not taken this quiz